Analýza imidžu vzdelávacej inštitúcie z aspektu marketingovej komunikácie na trhu vzdelávania
Teoretické vymedzenie imidžu vzelávacej inštitúcie. Faktory tvoriace imidž vzdelávacej inštitúcie. Miesto imidžu v marketingovej komunikácii.
Salvato in:
| Autore principale: | |
|---|---|
| Natura: | Capitolo di libro |
| Lingua: | slovacco |
| Soggetti: | |
| Tags: |
Nessun Tag, puoi essere il primo ad aggiungerne!!
|
MARC
| LEADER | 00000naa$a2200000$$$4500 | ||
|---|---|---|---|
| 001 | 0063613 | ||
| 005 | 20240502071732.7 | ||
| 041 | 0 | |a slo | |
| 044 | |a SK | ||
| 245 | 1 | 0 | |a Analýza imidžu vzdelávacej inštitúcie z aspektu marketingovej komunikácie na trhu vzdelávania |c Miroslava Szarková |
| 520 | |a Teoretické vymedzenie imidžu vzelávacej inštitúcie. Faktory tvoriace imidž vzdelávacej inštitúcie. Miesto imidžu v marketingovej komunikácii. | ||
| 610 | 2 | 0 | |a imidž |
| 610 | 2 | 0 | |a komunikácia marketingová |
| 610 | 2 | 0 | |a vzdelávanie |
| 610 | 2 | 0 | |a školy vysoké |
| 610 | 2 | 0 | |a prieskum informačný |
| 610 | 2 | 0 | |a psychológia |
| 100 | 1 | |a Szarková, Miroslava, 1951- | |